Building a community of mentor : (Record no. 25202)

MARC details
000 -LEADER
fixed length control field 00646nam a22001817a 4500
003 - CONTROL NUMBER IDENTIFIER
control field AUA.1
005 - DATE AND TIME OF LATEST TRANSACTION
control field 20251119173913.0
008 - FIXED-LENGTH DATA ELEMENTS--GENERAL INFORMATION
fixed length control field 250711b |||||||| |||| 00| 0 eng d
040 ## - CATALOGING SOURCE
Transcribing agency JTL
100 ## - MAIN ENTRY--PERSONAL NAME
Personal name Raharijaona, Haja
9 (RLIN) 43706
245 ## - TITLE STATEMENT
Title Building a community of mentor :
Remainder of title A refuge for student at the public campus of Antananarivo /
Statement of responsibility, etc Haja Raharijaona.
260 ## - PUBLICATION, DISTRIBUTION, ETC. (IMPRINT)
Date of publication, distribution, etc c2025.
300 ## - PHYSICAL DESCRIPTION
Extent xii,193 leaves :
Other physical details Illustrations :
Dimensions 30cm.
650 ## - SUBJECT ADDED ENTRY--TOPICAL TERM
Topical term or geographic name as entry element Church work with youth
650 ## - SUBJECT ADDED ENTRY--TOPICAL TERM
Topical term or geographic name as entry element Mentoring
Form subdivision Religious aspects
General subdivision Christianity
690 ## - LOCAL SUBJECT ADDED ENTRY--TOPICAL TERM (OCLC, RLIN)
Topical term or geographic name as entry element Public Campus Ministries
Form subdivision Seventh-day Adventists
942 ## - ADDED ENTRY ELEMENTS (KOHA)
Source of classification or shelving scheme AUA Inhouse Classification
Koha item type Dissertations
Classification part DMin
Item part .R34 2025
Holdings
Withdrawn status Lost status Source of classification or shelving scheme Damaged status Not for loan Collection code Home library Current library Shelving location Date acquired Source of acquisition Cost, normal purchase price Serial Enumeration / chronology Total Checkouts Full call number Barcode Date last seen Cost, replacement price Price effective from Koha item type
    Library of Congress Classification     JTL Research Collection Judith Thomas Library Judith Thomas Library Judith Thomas Library Research Section 11/07/2025 Theological Seminary 25.00 AUA27944   DMin .R34 2025 AUA27944 11/07/2025 25.00 11/07/2025 Dissertations